From these beginnings : (Record no. 5435)
[ view plain ]
| 000 -LEADER | |
|---|---|
| fixed length control field | 00756cam a2200241 a 4500 |
| 001 - CONTROL NUMBER | |
| control field | 4994312 |
| 005 - DATE AND TIME OF LATEST TRANSACTION | |
| control field | 20250411173259.0 |
| 008 - FIXED-LENGTH DATA ELEMENTS--GENERAL INFORMATION | |
| fixed length control field | 990609s2000 nyuab b 001 0deng |
| 020 ## - INTERNATIONAL STANDARD BOOK NUMBER | |
| International Standard Book Number | 0321002954 (v. 1) |
| 020 ## - INTERNATIONAL STANDARD BOOK NUMBER | |
| International Standard Book Number | 0321003152 (v. 2) |
| 020 ## - INTERNATIONAL STANDARD BOOK NUMBER | |
| International Standard Book Number | 9780321003157 |
| 050 00 - LIBRARY OF CONGRESS CALL NUMBER | |
| Classification number | E178 |
| Item number | .N18 2000 |
| 082 00 - DEWEY DECIMAL CLASSIFICATION NUMBER | |
| Classification number | 973/.099 |
| Edition information | 21 |
| 100 1# - MAIN ENTRY--PERSONAL NAME | |
| Personal name | Nash, Roderick. |
| 245 10 - TITLE STATEMENT | |
| Title | From these beginnings : |
| Remainder of title | a biographical approach to American history / |
| Statement of responsibility, etc. | Roderick Nash and Gregory Graves. |
| 250 ## - EDITION STATEMENT | |
| Edition statement | 6th ed. |
| 260 ## - PUBLICATION, DISTRIBUTION, ETC. | |
| Place of publication, distribution, etc. | New York : |
| Name of publisher, distributor, etc. | Longman, |
| Date of publication, distribution, etc. | c2000. |
| 300 ## - PHYSICAL DESCRIPTION | |
| Extent | 2 v. : |
| Other physical details | ill., maps ; |
| Dimensions | 24 cm. |
| 650 ## - SUBJECT ADDED ENTRY--TOPICAL TERM | |
| Source of heading or term | History |
| 700 1# - ADDED ENTRY--PERSONAL NAME | |
| Personal name | Graves, Gregory. |
| 856 42 - ELECTRONIC LOCATION AND ACCESS | |
| Materials specified | Book review (H-Net) |
| Uniform Resource Identifier | <a href="http://www.h-net.org/review/hrev-a0b5p3-aa">http://www.h-net.org/review/hrev-a0b5p3-aa</a> |
| 942 ## - ADDED ENTRY ELEMENTS (KOHA) | |
| Source of classification or shelving scheme | Library of Congress Classification |
| Koha item type | Books |
| Edition | 6th Ed. |
| Suppress in OPAC | No |
| 999 ## - | |
| -- | 5435 |
| -- | 5435 |
| Withdrawn status | Lost status | Source of classification or shelving scheme | Damaged status | Not for loan | Collection | Home library | Current library | Shelving location | Date acquired | Total checkouts | Full call number | Barcode | Date last seen | Copy number | Price effective from | Koha item type |
|---|---|---|---|---|---|---|---|---|---|---|---|---|---|---|---|---|
| Library of Congress Classification | Non-fiction | Business Library (Miotso) | Business Library (Miotso) | General stacks | 04/11/2025 | E178 .N18 2000 | BSSM00001793 | 04/11/2025 | 1 | 04/11/2025 | Books |